Historias buscadas / (Record no. 605)

MARC details
000 -LEADER
fixed length control field 00382nam a22001337a 4500
008 - FIXED-LENGTH DATA ELEMENTS--GENERAL INFORMATION
fixed length control field 130325t xxu||||| |||| 00| 0 spa d
082 14 - DEWEY DECIMAL CLASSIFICATION NUMBER
Edition number 14
Classification number 323
245 00 - TITLE STATEMENT
Title Historias buscadas /
Statement of responsibility, etc CONADI
260 ## - PUBLICATION, DISTRIBUTION, ETC. (IMPRINT)
Place of publication, distribution, etc Buenos Aires :
Name of publisher, distributor, etc CONADI,
Date of publication, distribution, etc 2007.
300 ## - PHYSICAL DESCRIPTION
Extent 176 p.
650 #0 - SUBJECT ADDED ENTRY--TOPICAL TERM
9 (RLIN) 1105
Topical term or geographic name as entry element DERECHOS HUMANOS
710 ## - ADDED ENTRY--CORPORATE NAME
9 (RLIN) 1495
Corporate name or jurisdiction name as entry element Comisión Nacional por el Derecho a la Identidad.
942 ## - ADDED ENTRY ELEMENTS (KOHA)
Source of classification or shelving scheme Dewey Decimal Classification
Item type Libro, folleto, traducción
980 ## - EQUIVALENCE OR CROSS-REFERENCE-SERIES STATEMENT--PERSONAL NAME/TITLE [LOCAL, CANADA]
Field link and sequence number 1943
Miscellaneous information VALERIA BEATRIZ DOMÍNGUEZ
Holdings
Withdrawn status Lost status Source of classification or shelving scheme Damaged status Not for loan Home library Current library Date acquired Source of acquisition Total Checkouts Full call number Barcode Date last seen Price effective from Koha item type
    Dewey Decimal Classification     Biblioteca Central Biblioteca Central 25/03/2013 Donación   323 CON UNAJ13030178 24/04/2025 25/03/2013 Libro, folleto, traducción

Lunes a Viernes 8:30 a 19:00 hs. Cerrado por mudanza
Av.Calchaqui 6200 Florencio Varela (CP188) 2°piso Edificio Mosconi Aula 209-210
Mail: bibliotecacentralunaj@gmail.com  
Whatsapp(54 9)1122668024    ❔Pregunte a la bibliotecaria
© Universidad Nacional Arturo Jauretche | Secretaría Académica | Biblioteca Central UNAJ